[Event "Orsha op"]
[Site "Orsha"]
[Date "2019.01.24"]
[Round "9"]
[White "Shaban, Aliaksandra"]
[Black "Katkov, Mikhail"]
[Result "0-1"]
[WhiteElo "1482"]
[BlackElo "1916"]
[PlyCount "78"]
[EventDate "2019.01.18"]
[EventType "swiss"]
[EventRounds "9"]
[EventCountry "BLR"]
[SourceTitle "CBM 188 Extra"]
[Source "ChessBase"]
[SourceDate "2019.02.26"]
[SourceVersion "1"]
[SourceVersionDate "2019.02.26"]
[SourceQuality "1"]

1. d4 Nf6 2. c4 e6 3. e3 c5 4. Nf3 d5 5. Nc3 a6 6. dxc5 Bxc5 7. a3 dxc4 8. Qxd8+ Kxd8 9. Ne5 Ke7 10. Bxc4 b5 11. Be2 Bb7 12. Bf3 Ra7 13. Bxb7 Rxb7 14. 0-0 Rd8 15. b4 Bd6 16. Nf3 Nc6 17. Bb2 Ne5 18. Nd5+ Nxd5 19. Nxe5 Bxe5 20. Bxe5 f6 21. Bd4 e5 22. Bc5+ Ke6 23. Rfd1 Rbd7 24. Rac1 Nc3 25. Rxd7 Rxd7 26. Kf1 Rd1+ 27. Rxd1 Nxd1 28. Ke2 Nb2 29. Bf8 g6 30. Bc5 Kd5 31. f3 f5 32. g4 fxg4 33. e4+ Kc4 34. fxg4 Kb3 35. Kd2 Nc4+ 36. Kd3 Nxa3 37. Bd6 Nc4 38. Bc5 Nb2+ 39. Kd2 Kc4 0-1

[Event "Orsha op"]
[Site "Orsha"]
[Date "2019.01.20"]
[Round "4"]
[White "Siniauski, Artsiom"]
[Black "Katkov, Mikhail"]
[Result "1-0"]
[WhiteElo "2182"]
[BlackElo "1916"]
[PlyCount "71"]
[EventDate "2019.01.18"]
[EventType "swiss"]
[EventRounds "9"]
[EventCountry "BLR"]
[SourceTitle "CBM 188 Extra"]
[Source "ChessBase"]
[SourceDate "2019.02.26"]
[SourceVersion "1"]
[SourceVersionDate "2019.02.26"]
[SourceQuality "1"]

1. e4 c6 2. d4 d5 3. e5 Bf5 4. h4 h6 5. g4 Be4 6. f3 Bh7 7. e6 fxe6 8. Bd3 Bxd3 9. Qxd3 Na6 10. Qg6+ Kd7 11. f4 Qe8 12. Qd3 g6 13. Nf3 Bg7 14. Ne5+ Bxe5 15. fxe5 Nf6 16. exf6 exf6 17. Rh2 e5 18. Re2 e4 19. Qb3 b5 20. Bf4 Qe6 21. Qa3 Nc7 22. Nd2 a5 23. Nb3 Na6 24. Nxa5 g5 25. Bh2 h5 26. gxh5 Rxh5 27. hxg5 Rah8 28. 0-0-0 Rxh2 29. Rxh2 Rxh2 30. Nb3 c5 31. Qxa6 Qxa6 32. Nxc5+ Kd6 33. Nxa6 f5 34. Rg1 e3 35. g6 e2 36. Kd2 1-0